Umělá inteligence v českém bankovnictví: rychlý růst a vize bezpečné budoucnosti

Umelá inteligencia (AI) sa v Českej republike stáva bežnou súčasťou každodenného života a jej rastúca popularita predstavuje pre finančný sektor ako výzvu, tak aj veľkú príležitosť. Česi si na nové technológie rýchlo zvykajú, čo dokazuje aktuálny prieskum realizovaný agentúrou Ipsos pre spoločnosť V...

Descrizione completa

Salvato in:
Dettagli Bibliografici
Natura: Capitolo di libro
Lingua:ceco
Soggetti:
Tags: Aggiungi Tag
Nessun Tag, puoi essere il primo ad aggiungerne!!

MARC

LEADER 00000naa a2200000 4500
001 0314650
005 20260130104516.2
041 0 |a cze 
044 |a CZ 
245 1 0 |a Umělá inteligence v českém bankovnictví: rychlý růst a vize bezpečné budoucnosti 
520 |a Umelá inteligencia (AI) sa v Českej republike stáva bežnou súčasťou každodenného života a jej rastúca popularita predstavuje pre finančný sektor ako výzvu, tak aj veľkú príležitosť. Česi si na nové technológie rýchlo zvykajú, čo dokazuje aktuálny prieskum realizovaný agentúrou Ipsos pre spoločnosť Visa a Komerčnú banku. Podľa neho dnes nástroje AI pravidelne využíva sedem z desať Čechov, čo je dramatický nárast oproti minulému roku, kedy to bola len polovica populácie. 
610 2 0 |a bankovníctvo 
610 2 0 |a inteligencia umelá 
610 2 0 |a bezpečnosť kybernetická 
610 2 0 |a personalizácia 
610 2 0 |a dôvera 
610 2 0 |a Česko